{"text_format":"2","workbook":"xlsx","n_sheets":2,"sheets":["18编办控制价示例","08编办控制价示例"],"not_rendered":{"charts":0,"images":0,"macros":0,"external_links":0,"defined_names":2,"comments":0,"pivot_tables":0},"unopened":[],"bounds":{"document_bytes":16777216,"sheet_cells":100000,"run_cost":"one","rows_first":2000,"rows_last":500,"rows_between":2000,"halvings":0,"cell_chars":16384,"cell_head_chars":4096},"cells_cut":0,"cells_raw":0,"read":"whole","date_system":"1900"}

{"sheet":"18编办控制价示例","index":0,"n_rows":222,"n_cols":11,"rows_kept":222,"cut":false,"hidden":false,"merged":[]}
["项目节编号","清单子目号","名称","单位","清单数量","设计数量1","设计数量2","单价","合价","图号","备注"]
["1",null,"第一部分 建筑安装工程费","公路公里",null,5,null,{"$f":"I2/F2","v":6343228.4},31716142]
["101",null,"临时工程","公路公里",null,5,null,{"$f":"I3/F3","v":1031513},5157565]
[null,"101-1-a","按合同条款规定,提供建筑工程一切险","总额",1,null,null,1569830,1569830]
[null,"101-1-b","按合同条款规定,提供第三方责任险","总额",1,null,null,60000,60000]
[null,"102-1","竣工文件","总额",1,null,null,200000,200000]
[null,"102-3","安全生产费","总额",1,null,null,500000,500000]
[null,"102-4","纵横工程管理软件(暂估价)","总额",1,null,null,100000,100000]
[null,"103-1-a","临时道路","总额",1,null,null,1628162,1628162]
[null,"103-2","临时用地","总额",1,null,null,57350,57350]
[null,"103-3-a","设施架设、拆除","总额",1,null,null,941452,941452]
[null,"103-3-b","设施维护","总额",1,null,null,50000,50000]
[null,"103-4","电信设施的提供、维修与拆除","总额",1,null,null,50771,50771]
["102",null,"路基工程","km",null,3.62,null,{"$f":"I14/F14","v":4512756.07734807},16336177]
["LJ02",null,"路基挖方","m3",null,524213.67,null,{"$f":"I15/F15","v":7.53000012380448},3947329]
["LJ0201",null,"挖土方","m3",null,524213.67,null,{"$f":"I16/F16","v":7.53000012380448},3947329]
["LJ020101",null,"挖路基土方","m3",null,524213.67,null,{"$f":"I17/F17","v":7.53000012380448},3947329]
[null,"203-1-a","挖土方","m3",524213.67,null,null,7.53,3947329]
["LJ03",null,"路基填方","m3",null,{"$f":"F20+F22","v":292966.67},null,{"$f":"I19/F19","v":15.312294739876},4485992]
["LJ0301",null,"利用土方填筑","m3",null,46900.67,null,{"$f":"I20/F20","v":6.72001060965654},315173]
[null,"204-1-b","利用土方","m3",46900.67,null,null,6.72,315173]
["LJ0302",null,"借土方填筑","m3",null,246066,null,{"$f":"I22/F22","v":16.9500012191851},4170819]
[null,"204-1-e","借土填方","m3",246066,null,null,16.95,4170819]
["LJ05",null,"特殊路基处理","km",null,3.62,null,{"$f":"I24/F24","v":1149792.26519337},4162248]
["LJ0501",null,"软土地区路基处理","km/m2",null,3.62,null,{"$f":"I25/F25","v":1149792.26519337},4162248]
["LJ050101",null,"抛石挤淤","m3/m2",null,{"$f":"E27+E28+E30","v":89737.8},null,{"$f":"I26/F26","v":46.3823271798506},4162248]
[null,"203-1-d","挖淤泥","m3",51899.4,null,null,17.03,883847]
[null,"204-1-j","回填片石","m3",27238.4,null,null,107.78,2935755]
[null,"205-1-o","单向格栅","m2",16350,null,null,14.96,244596]
[null,"204-1-g","回填粗粒土","m3",10600,null,null,9.25,98050]
["LJ06",null,"排水工程","km",null,3.62,null,{"$f":"I31/F31","v":605379.281767956},2191473]
["LJ0601",null,"边沟","m3/m",null,1620,null,{"$f":"I32/F32","v":109.6},177552]
["LJ060103",null,"浆砌片块石边沟","m3/m",null,1620,null,{"$f":"I33/F33","v":109.6},177552]
[null,"207-1-b","M7.5浆砌片石边沟","m3",1620,null,null,109.6,177552]
["LJ0602",null,"排水沟","m3/m",null,{"$f":"F36","v":36940},null,{"$f":"I35/F35","v":26.2040064970222},967976]
["LJ060203",null,"浆砌片石排水沟","m3/m",null,{"$f":"E37*5","v":36940},null,{"$f":"I36/F36","v":26.2040064970222},967976]
[null,"207-2-a","M7.5浆砌片石排水沟","m",7388,null,null,131.02,967976]
["LJ0603",null,"截水沟","m3/m",null,8450,null,{"$f":"I38/F38","v":69.4460355029586},586819]
["LJ060301",null,"浆砌片石截水沟","m3/m",null,{"$f":"E40*5","v":8450},null,{"$f":"I39/F39","v":69.4460355029586},586819]
[null,"207-3-a","M7.5浆砌片石截水沟","m",1690,null,null,347.23,586819]
["LJ0604",null,"急流槽","m3/m",null,7795,null,{"$f":"I41/F41","v":58.9000641436818},459126]
["LJ060402",null,"浆砌片石急流槽","m3/m",null,{"$f":"E43*5","v":7795},null,{"$f":"I42/F42","v":58.9000641436818},459126]
[null,"207-4-a","M7.5浆砌片石急流槽","m3",1559,null,null,294.5,459126]
["LJ07",null,"路基防护与加固工程","km",null,3.62,null,{"$f":"I44/F44","v":427937.845303867},1549135]
["LJ0702",null,"高边坡防护与加固","km/m2",null,3.62,null,{"$f":"I45/F45","v":170391.988950276},616819]
["LJ070201",null,"坡面植物防护","m2",null,86062.5,null,{"$f":"I46/F46","v":3.3200058097313},285728]
[null,"208-1-a","植草","m2",86062.5,null,null,3.32,285728]
["LJ070202",null,"坡面圬工防护","m3/m2",null,2616.7,null,{"$f":"I48/F48","v":126.529980509802},331091]
[null,"208-3-a","拱形浆砌片石护坡","m3",2616.7,null,null,126.53,331091]
["LJ0705",null,"挡土墙","m3/m",null,3.62,null,{"$f":"I50/F50","v":257545.856353591},932316]
["LJ070501",null,"重力式挡墙","m3/m",null,3472.7,null,{"$f":"I51/F51","v":268.470066518847},932316]
["LJ07050102",null,"浆砌片（块）石挡土墙","m3/m",null,3472.7,null,{"$f":"I52/F52","v":268.470066518847},932316]
[null,"209-1-a","浆砌片（块）石挡墙","m3",3472.7,null,null,268.47,932316]
["103",null,"路面工程","km",null,3.62,null,{"$f":"I54/F54","v":2198.61878453039},7959]
["LM02",null,"水泥混凝土路面","m2/m3",null,71.2,null,{"$f":"I55/F55","v":111.783707865169},7959]
[null,"304-2","搭板、埋板下水泥稳定土底基层（4%）","m2",71.2,null,null,111.78,7959]
["104",null,"桥梁涵洞工程","km",null,1.38,null,{"$f":"I57/F57","v":7401768.84057971},10214441]
["10401",null,"涵洞工程","m/道",null,{"$f":"F59+F62","v":420.3},null,{"$f":"I58/F58","v":2190.0808945991},920491]
["HD01",null,"钢筋混凝土管涵","m/道",null,227.37,null,{"$f":"I59/F59","v":889.761182214012},202305]
["HD0101",null,"1-Ф1.5m以内圆管涵","m/道",null,227.37,null,{"$f":"I60/F60","v":889.761182214012},202305]
[null,"418-3-c","1-Ф1.5m以内圆管涵","m",227.37,null,null,889.76,202305]
["HD02",null,"盖板涵","m/道",null,{"$f":"F63+F65","v":192.93},null,{"$f":"I62/F62","v":3722.52112165034},718186]
["HD0201",null,"1-2m以内盖板涵","m/道",null,111.07,null,{"$f":"I63/F63","v":2605.25794543981},289366]
[null,"420-1-b","1-2.00m×2.00m盖板涵","m",111.07,null,null,2605.26,289366]
["HD0202",null,"1-4m以内盖板涵","m/道",null,81.86,null,{"$f":"I65/F65","v":5238.45590031762},428820]
[null,"420-1-c","1-4.00m×3.00m盖板涵","m",81.86,null,null,5238.45,428820]
["10402",null,"小桥工程（8≤L≤30m,5≤Lk＜20m）","m/座",null,180,null,{"$f":"I67/F67","v":4031.38333333333},725649]
["1040203",null,"空心板桥","m2/m",null,180,null,{"$f":"I68/F68","v":4031.38333333333},725649]
["104020301",null,"K0+078小桥","m/座",null,180,null,{"$f":"I69/F69","v":4031.38333333333},725649]
["QL01",null,"基础工程","m",null,180,null,{"$f":"I70/F70","v":2765.95},497871]
[null,"403-1-a","光圆钢筋(HPB235、HPB300)","kg",2019,null,null,6.01,12134]
[null,"403-1-b","带肋钢筋(HRB335、HRB400)","kg",5311,null,null,6.01,31919]
[null,"405-1-a","桩径130cm","m",180,null,null,2231.26,401627]
[null,"410-1-b","C25混凝土","m3",14.6,null,null,464.99,6789]
[null,"410-1-c","C30混凝土","m3",87.5,null,null,518.88,45402]
["QL02",null,"下部结构","m/m2",null,180,null,{"$f":"I76/F76","v":1112.35},200223]
[null,"403-2-a","光圆钢筋(HPB235、HPB300)","kg",1891,null,null,6.28,11875]
[null,"403-2-b","带肋钢筋(HRB335、HRB400)","kg",16397,null,null,6.22,101989]
[null,"410-2-a","C25混凝土","m3",29.1,null,null,450.11,13098]
[null,"410-2-b","C30混凝土","m3",202.4,null,null,358.97,72656]
[null,"413-1-a","M7.5浆砌片石","m3",2,null,null,302.4,605]
["QL03",null,"上部结构","m/m2",null,180,null,{"$f":"I82/F82","v":153.083333333333},27555]
[null,"403-3-a","光圆钢筋(HPB235、HPB300)","kg",1627,null,null,6.29,10234]
[null,"410-7-c","C50混凝土","m3",17.3,null,null,1001.23,17321]
["10405",null,"特大桥工程（100≤L,40≤Lk）","m/座",null,1120,null,{"$f":"I85/F85","v":7650.26875},8568301]
["1040501",null,"×××特大桥工程（××结构类型）","m/m2",null,1120,null,7650.26875,8568301]
["QL02",null,"下部构造（墩高××m）","m/m2",null,1120,null,3986.25892857143,4464610]
["QL0201",null,"桥台（台高××m）","m3/处",null,{"$f":"F89+F94","v":1471},null,834.68048946295,1227815]
["QL020101",null,"桥台基础","m3/处",null,1299,null,704.951501154734,915732]
["QL02010101",null,"桥台桩基础","m3/处",null,1299,null,562.561970746728,730768]
[null,"403-1-a","光圆钢筋(HPB235、HPB300)","kg",1112.4,null,null,6.01,6686]
[null,"403-1-b","带肋钢筋(HRB335、HRB400)","kg",29132,null,null,6.01,175083]
[null,"405-1-b","桩径150cm","m",184,null,null,2983.69,548999]
["QL02010102",null,"桥台承台","m3/处",null,172,null,{"$f":"I94/F94","v":1075.37209302326},184964]
[null,"403-1-b","带肋钢筋(HRB335、HRB400)","kg",17468.6,null,null,6.01,104986]
[null,"410-1-b","C25混凝土","m3",172,null,null,464.99,79978]
["QL020102",null,"桥台台身","m3/处",null,104.7,null,{"$f":"I97/F97","v":1480.23877745941},154981]
[null,"403-2-a","光圆钢筋(HPB235、HPB300)","kg",2090.8,null,null,6.28,13130]
[null,"403-2-b","带肋钢筋(HRB335、HRB400)","kg",14065.26,null,null,6.22,87486]
[null,"410-2-c","C35混凝土","m3",104.7,null,null,519.25,54365]
["QL020103",null,"桥台耳背墙","m3/处",null,46.2,null,{"$f":"I101/F101","v":1015.670995671},46924]
[null,"403-2-b","带肋钢筋(HRB335、HRB400)","kg",4877.84,null,null,6.22,30340]
[null,"410-2-b","C30混凝土","m3",46.2,null,null,358.97,16584]
["QL020104",null,"桥台台帽","m3/处",null,65.6,null,{"$f":"I104/F104","v":1458.27743902439},95663]
[null,"403-2-b","带肋钢筋(HRB335、HRB400)","kg",11594,null,null,6.22,72115]
[null,"410-2-b","C30混凝土","m3",65.6,null,null,358.97,23548]
["QL020105",null,"桥台支座垫石、挡块","m3/座",null,2.8,null,{"$f":"I107/F107","v":5183.92857142857},14515]
[null,"403-4-b","带肋钢筋(HRB335、HRB400)","kg",2037.4,null,null,6.4,13039]
[null,"410-6-c","C30混凝土","m3",2.2,null,null,526.78,1159]
[null,"410-6-h","C50小石子混凝土","m3",0.6,null,null,527.65,317]
["QL0202",null,"桥墩基础","m2/m",null,{"$f":"F112","v":364},null,{"$f":"I111/F111","v":8892.29395604396},3236795]
["QL020201",null,"桥墩桩基础","m/根",null,364,null,{"$f":"I112/F112","v":5293.44230769231},1926813]
[null,"403-1-a","光圆钢筋(HPB235、HPB300)","kg",2703.4,null,null,6.01,16247]
[null,"403-1-b","带肋钢筋(HRB335、HRB400)","kg",64867.6,null,null,6.01,389854]
[null,"405-1-c","桩径160m","m",364,null,null,4177.78,1520712]
["QL020202",null,"桥墩承台","m3/处",null,240.1,null,{"$f":"I116/F116","v":1259.30029154519},302358]
[null,"403-1-b","带肋钢筋(HRB335、HRB400)","kg",29579.9,null,null,6.01,177775]
[null,"410-1-c","C30混凝土","m3",240.1,null,null,518.88,124583]
["QL020203",null,"桥墩墩柱","m3",null,281.4,null,{"$f":"I119/F119","v":1731.95451314854},487372]
[null,"403-2-b","带肋钢筋(HRB335、HRB400)","kg",54864.2,null,null,6.22,341255]
[null,"410-2-c","C35混凝土","m3",281.4,null,null,519.25,146117]
["QL020204",null,"桥墩盖梁","m3",null,336,null,{"$f":"I122/F122","v":1342.08035714286},450939]
[null,"403-2-b","带肋钢筋(HRB335、HRB400)","kg",53106.9,null,null,6.22,330325]
[null,"410-2-b","C30混凝土","m3",336,null,null,358.97,120614]
["QL020205",null,"桥墩支座垫石、挡块","m3",null,8.04,null,{"$f":"I125/F125","v":5668.53233830846},45575]
[null,"403-4-b","带肋钢筋(HRB335、HRB400)","kg",6459.3,null,null,6.4,41340]
[null,"410-6-c","C30混凝土","m3",8.04,null,null,526.78,4235]
["QL020206",null,"桥墩防震锚栓","kg",null,3816.4,null,{"$f":"I128/F128","v":6.21999790378367},23738]
[null,"403-2-b","带肋钢筋(HRB335、HRB400)","kg",3816.4,null,null,6.22,23738]
["QL03",null,"上部构造","m/m2",null,364,null,{"$f":"I130/F130","v":10963.1620879121},3990591]
["QL0301",null,"钢筋混凝土矩形板","m3",null,{"$f":"F132+F136+F140+F144+F155+F159+F163+F167","v":1167.66},null,{"$f":"I131/F131","v":0}]
["QL030101",null,"边跨边梁","m3",null,145.2,null,{"$f":"I132/F132","v":2352.67217630854},341608]
[null,"403-3-a","光圆钢筋(HPB235、HPB300)","kg",5880,null,null,6.29,36985]
[null,"403-3-b","带肋钢筋(HRB335、HRB400)","kg",22464,null,null,6.29,141299]
[null,"411-7-a","C50混凝土","m3",145.2,null,null,1124.82,163324]
["QL030102",null,"边跨中梁","m3",null,136,null,{"$f":"I136/F136","v":2265.35294117647},308088]
[null,"403-3-a","光圆钢筋(HPB235、HPB300)","kg",5520,null,null,6.29,34721]
[null,"403-3-b","带肋钢筋(HRB335、HRB400)","kg",19140,null,null,6.29,120391]
[null,"411-7-a","C50混凝土","m3",136,null,null,1124.82,152976]
["QL030103",null,"中跨边梁","m3",null,422.4,null,{"$f":"I140/F140","v":2441.96732954545},1031487]
[null,"403-3-a","光圆钢筋(HPB235、HPB300)","kg",17832,null,null,6.29,112163]
[null,"403-3-b","带肋钢筋(HRB335、HRB400)","kg",70620,null,null,6.29,444200]
[null,"411-7-a","C50混凝土","m3",422.4,null,null,1124.82,475124]
["QL030104",null,"中跨中梁","m3",null,387.6,null,{"$f":"I144/F144","v":2373.0830753354},919807]
[null,"403-3-a","光圆钢筋(HPB235、HPB300)","kg",16764,null,null,6.29,105446]
[null,"403-3-b","带肋钢筋(HRB335、HRB400)","kg",60156,null,null,6.29,378381]
[null,"411-7-a","C50混凝土","m3",387.6,null,null,1124.82,435980]
["QL030105",null,"梁端封锚","kg",null,{"$f":"E149+E150","v":4614.12},null,{"$f":"I148/F148","v":6.29004013766439},29023]
[null,"403-3-a","光圆钢筋(HPB235、HPB300)","kg",47.64,null,null,6.29,300]
[null,"403-3-b","带肋钢筋(HRB335、HRB400)","kg",4566.48,null,null,6.29,28723]
["QL030106",null,"现浇湿接缝","kg",null,{"$f":"E152+E153","v":32638.08},null,{"$f":"I151/F151","v":10.67372835657},348370]
[null,"403-3-a","光圆钢筋(HPB235、HPB300)","kg",8129.6,null,null,6.29,51135]
[null,"403-3-b","带肋钢筋(HRB335、HRB400)","kg",24508.48,null,null,6.29,154158]
[null,"411-7-a","C50混凝土","m3",127.2,null,null,1124.82,143077]
["QL030107",null,"端横梁","m3",null,1.2,null,{"$f":"I155/F155","v":7074.16666666667},8489]
[null,"403-3-a","光圆钢筋(HPB235、HPB300)","kg",513.68,null,null,6.29,3231]
[null,"403-3-b","带肋钢筋(HRB335、HRB400)","kg",621.34,null,null,6.29,3908]
[null,"411-7-a","C50混凝土","m3",1.2,null,null,1124.82,1350]
["QL030108",null,"中横梁","m3",null,62.3,null,{"$f":"I159/F159","v":1781.34831460674},110978]
[null,"403-3-a","光圆钢筋(HPB235、HPB300)","kg",1588.58,null,null,6.29,9992]
[null,"403-3-b","带肋钢筋(HRB335、HRB400)","kg",4914.07,null,null,6.29,30910]
[null,"411-7-a","C50混凝土","m3",62.3,null,null,1124.82,70076]
["QL030109",null,"跨中横隔板","m3",null,5.04,null,{"$f":"I163/F163","v":14701.7857142857},74097]
[null,"403-3-a","光圆钢筋(HPB235、HPB300)","kg",2164.32,null,null,6.29,13614]
[null,"403-3-b","带肋钢筋(HRB335、HRB400)","kg",8714.4,null,null,6.29,54814]
[null,"411-7-a","C50混凝土","m3",5.04,null,null,1124.82,5669]
["QL030110",null,"预制堵头板","m3",null,7.92,null,{"$f":"I167/F167","v":1819.31818181818},14409]
[null,"403-3-a","光圆钢筋(HPB235、HPB300)","kg",874.4,null,null,6.29,5500]
[null,"411-7-a","C50混凝土","m3",7.92,null,null,1124.82,8909]
["QL0302",null,"负弯矩区钢束槽口封口","m3",null,35.2,null,{"$f":"I170/F170","v":3216.25},113212]
[null,"403-3-b","带肋钢筋(HRB335、HRB400)","kg",11704,null,null,6.29,73618]
[null,"411-7-a","C50混凝土","m3",35.2,null,null,1124.82,39594]
["QL0303",null,"预应力钢束","kg",null,45492,null,{"$f":"I173/F173","v":15.1899894486943},691023]
[null,"411-5","后张法预应力钢绞线","kg",45492,null,null,15.19,691023]
["QL04",null,"其他工程","m/m2",null,960,null,{"$f":"I175/F175","v":117.8125},113100]
[null,"403-4-a","光圆钢筋(HPB235、HPB300)","kg",122.74,null,null,6.5,798]
[null,"403-4-b","带肋钢筋(HRB335、HRB400)","kg",6271.7,null,null,6.4,40139]
[null,"410-6-c","C30混凝土","m3",61.6,null,null,526.78,32450]
[null,"413-1-a","M7.5浆砌片石","m3",46.67,null,null,302.4,14113]
[null,"417-5-a","(20cm×20cm×3cm)","块",64,null,null,400,25600]
["105",null,"隧道工程","km/座"]
["106",null,"交叉工程","处"]
["107",null,"交通工程及沿线设施","公路公里"]
["108",null,"绿化及环境保护工程","公路公里"]
["109",null,"其他工程","公路公里"]
["110",null,"专项费用","元"]
["11001",null,"施工场地建设费","元"]
["11002",null,"安全生产费","元"]
["2",null,"第二部分 土地使用及拆迁补偿费","公路公里"]
["201",null,"土地使用费","亩"]
["20101",null,"永久征用土地","亩"]
["20102",null,"临时用地","亩"]
["202",null,"拆迁补偿费","公路公里"]
["203",null,"其他补偿费","公路公里"]
["3",null,"第三部分 工程建设其他费","公路公里"]
["301",null,"建设项目管理费","公路公里"]
["30101",null,"建设单位（业主）管理费","公路公里"]
["30102",null,"建设项目信息化费","公路公里"]
["30103",null,"工程监理费","公路公里"]
["30104",null,"设计文件审查费","公路公里"]
["30105",null,"竣（交）工验收试验检测费","公路公里"]
["302",null,"研究试验费","公路公里"]
["303",null,"建设项目前期工作费","公路公里"]
["304",null,"专项评价（估）费","公路公里"]
["305",null,"联合试运转费","公路公里"]
["306",null,"生产准备费","公路公里"]
["30601",null,"工器具购置费","公路公里"]
["30602",null,"办公和生活用家具购置费","公路公里"]
["30603",null,"生产人员培训费","公路公里"]
["30604",null,"应急保通设备购置费","公路公里"]
["307",null,"工程保通管理费","公路公里"]
["30701",null,"保通便道管理费","km"]
["30702",null,"施工期通航安全保障费","处"]
["30703",null,"营运铁路保通管理费","处"]
["308",null,"工程保险费","公路公里"]
["309",null,"其他相关费用","公路公里"]
["4",null,"第四部分 预备费","公路公里"]
[null,null,"基本预备费","公路公里"]
[null,null,"价差预备费","公路公里"]
["5",null,"建设期贷款利息","公路公里"]
[null,null,"新增加费用项目","元"]
[null,null,"*请在此输入费用项目"]

{"sheet":"08编办控制价示例","index":1,"n_rows":232,"n_cols":11,"rows_kept":232,"cut":false,"hidden":false,"merged":[]}
["项目节编号","清单子目号","名称","单位","清单数量","设计数量1","设计数量2","单价","合价","图号","备注"]
["1",null,"第一部分 建筑安装工程费","公路公里",null,5,null,{"$f":"I2/F2","v":6424056.6},32120283]
["1-1",null,"临时工程","公路公里",null,5,null,{"$f":"I3/F3","v":1031513},5157565]
[null,"101-1-a","按合同条款规定,提供建筑工程一切险","总额",1,null,null,1569830,1569830]
[null,"101-1-b","按合同条款规定,提供第三方责任险","总额",1,null,null,60000,60000]
[null,"102-1","竣工文件","总额",1,null,null,200000,200000]
[null,"102-3","安全生产费","总额",1,null,null,500000,500000]
[null,"102-4","纵横工程管理软件(暂估价)","总额",1,null,null,100000,100000]
[null,"103-1-a","临时道路","总额",1,null,null,1628162,1628162]
[null,"103-2","临时用地","总额",1,null,null,57350,57350]
[null,"103-3-a","设施架设、拆除","总额",1,null,null,941452,941452]
[null,"103-3-b","设施维护","总额",1,null,null,50000,50000]
[null,"103-4","电信设施的提供、维修与拆除","总额",1,null,null,50771,50771]
["1-2",null,"路基工程","km",null,3.62,null,{"$f":"I14/F14","v":4624397.23756906},16740318]
["1-2-2",null,"挖方","m3",null,524213.67,null,7.53000012380448,3947329]
["1-2-2-1",null,"挖土方","m3",null,524213.67,null,7.53000012380448,3947329]
["1-2-2-1-1",null,"挖路基土方","m3",null,524213.67,null,7.53000012380448,3947329]
[null,"203-1-a","挖土方","m3",524213.67,null,null,7.53,3947329]
["1-2-3",null,"填方","m3",null,{"$f":"F20","v":292966.67},null,15.312294739876,4485992]
["1-2-3-1",null,"路基填方","m3",null,{"$f":"F21+F23","v":292966.67},null,15.312294739876,4485992]
["1-2-3-1-2",null,"利用方填筑","m3",null,46900.67,null,6.72001060965654,315173]
[null,"204-1-b","利用土方","m3",46900.67,null,null,6.72,315173]
["1-2-3-1-3",null,"借方填筑","m3",null,246066,null,{"$f":"I23/F23","v":16.9500012191851},4170819]
[null,"204-1-e","借土填方","m3",246066,null,null,16.95,4170819]
["1-2-4",null,"特殊路基处理","km",null,3.62,null,{"$f":"I25/F25","v":1149792.26519337},4162248]
["1-2-4-1",null,"软土地区路基处理","km/m2",null,3.62,null,{"$f":"I26/F26","v":1149792.26519337},4162248]
["1-2-4-1-1",null,"清除换填处理","m3/m2",null,{"$f":"E28+E29+E31","v":89737.8},null,{"$f":"I27/F27","v":46.3823271798506},4162248]
[null,"203-1-d","挖淤泥","m3",51899.4,null,null,17.03,883847]
[null,"204-1-j","回填片石","m3",27238.4,null,null,107.78,2935755]
[null,"205-1-o","单向格栅","m2",16350,null,null,14.96,244596]
[null,"204-1-g","回填粗粒土","m3",10600,null,null,9.25,98050]
["1-2-5",null,"排水工程","km",null,3.62,null,{"$f":"I32/F32","v":605379.281767956},2191473]
["1-2-5-1",null,"边沟","m3/m",null,1620,null,{"$f":"I33/F33","v":109.6},177552]
["1-2-5-1-3",null,"浆砌片石边沟","m3/m",null,1620,null,{"$f":"I34/F34","v":109.6},177552]
[null,"207-1-b","M7.5浆砌片石边沟","m3",1620,null,null,109.6,177552]
["1-2-5-2",null,"排水沟","m3/m",null,{"$f":"F37","v":36940},null,{"$f":"I36/F36","v":26.2040064970222},967976]
["1-2-5-2-3",null,"浆砌片石排水沟","m3/m",null,{"$f":"E38*5","v":36940},null,{"$f":"I37/F37","v":26.2040064970222},967976]
[null,"207-2-a","M7.5浆砌片石排水沟","m",7388,null,null,131.02,967976]
["1-2-5-3",null,"截水沟","m3/m",null,8450,null,{"$f":"I39/F39","v":69.4460355029586},586819]
["1-2-5-3-1",null,"浆砌片石截水沟","m3/m",null,{"$f":"E41*5","v":8450},null,{"$f":"I40/F40","v":69.4460355029586},586819]
[null,"207-3-a","M7.5浆砌片石截水沟","m",1690,null,null,347.23,586819]
["1-2-5-4",null,"急流槽","m3/m",null,7795,null,{"$f":"I42/F42","v":58.9000641436818},459126]
["1-2-5-4-2",null,"浆砌片石急流槽","m3/m",null,{"$f":"E44*5","v":7795},null,{"$f":"I43/F43","v":58.9000641436818},459126]
[null,"207-4-a","M7.5浆砌片石急流槽","m3",1559,null,null,294.5,459126]
["1-2-6",null,"路基防护与加固工程","km",null,3.62,null,{"$f":"I45/F45","v":539579.005524862},1953276]
["1-2-6-1",null,"填方边坡防护与加固","km/m2",null,3.62,null,{"$f":"I46/F46","v":170391.988950276},616819]
["1-2-6-1-1",null,"坡面植物防护","m2",null,86062.5,null,{"$f":"I47/F47","v":3.3200058097313},285728]
[null,"208-1-a","植草","m2",86062.5,null,null,3.32,285728]
["1-2-6-1-2",null,"坡面圬工防护","m3/m2",null,2616.7,null,{"$f":"I49/F49","v":126.529980509802},331091]
[null,"208-3-a","拱形浆砌片石护坡","m3",2616.7,null,null,126.53,331091]
["1-2-6-3",null,"高边坡防护与加固","km/m2",null,3.62,null,{"$f":"I51/F51","v":111641.160220994},404141]
[null,"208-3-a","拱形浆砌片石护坡","m3",3194.03,null,null,126.53,404141]
["1-2-6-4",null,"挡土墙","m3/m",null,3472.7,null,{"$f":"I53/F53","v":268.470066518847},932316]
["1-2-6-4-1",null,"重力式挡墙","m3/m",null,3472.7,null,{"$f":"I54/F54","v":268.470066518847},932316]
["1-2-6-4-1-2",null,"浆砌片（块）石挡土墙","m3/m",null,3472.7,null,{"$f":"I55/F55","v":268.470066518847},932316]
[null,"209-1-a","浆砌片（块）石挡墙","m3",3472.7,null,null,268.47,932316]
["1-3",null,"路面工程","km/m2",null,3.62,null,{"$f":"I57/F57","v":2198.61878453039},7959]
["1-3-2",null,"路面底基层","m2/m3",null,71.2,null,{"$f":"I58/F58","v":111.783707865169},7959]
[null,"304-2","搭板、埋板下水泥稳定土底基层（4%）","m2",71.2,null,null,111.78,7959]
["1-4",null,"桥梁涵洞工程","km",null,1.38,null,{"$f":"I60/F60","v":7401768.84057971},10214441]
["1-4-2",null,"涵洞工程","m/道",null,{"$f":"F62+F65","v":420.3},null,{"$f":"I61/F61","v":2190.0808945991},920491]
["1-4-2-1",null,"钢筋混凝土管涵","m/道",null,227.37,null,{"$f":"I62/F62","v":889.761182214012},202305]
["1-4-2-1-2",null,"1-Ф1.5m以内圆管涵","m/道",null,227.37,null,{"$f":"I63/F63","v":889.761182214012},202305]
[null,"418-3-c","1-Ф1.5m以内圆管涵","m",227.37,null,null,889.76,202305]
["1-4-2-2",null,"盖板涵","m/道",null,{"$f":"F66+F68","v":192.93},null,{"$f":"I65/F65","v":3722.52112165034},718186]
["1-4-2-2-1",null,"1-2m以内盖板涵","m/道",null,111.07,null,{"$f":"I66/F66","v":2605.25794543981},289366]
[null,"420-1-b","1-2.00m×2.00m盖板涵","m",111.07,null,null,2605.26,289366]
["1-4-2-2-3",null,"1-4m以内盖板涵","m/道",null,81.86,null,{"$f":"I68/F68","v":5238.45590031762},428820]
[null,"420-1-c","1-4.00m×3.00m盖板涵","m",81.86,null,null,5238.45,428820]
["1-4-3",null,"小桥（8≤L≤30m,5≤Lk＜20m）","m/座",null,180,null,{"$f":"I70/F70","v":4031.38333333333},725649]
["1-4-3-5",null,"预应力混凝土空心板桥","m/m2",null,180,null,{"$f":"I71/F71","v":4031.38333333333},725649]
["1-4-3-5-1",null,"K0+078小桥","m/座",null,180,null,{"$f":"I72/F72","v":4031.38333333333},725649]
["1-4-3-5-1-1",null,"基础","m",null,180,null,{"$f":"I73/F73","v":2765.95},497871]
[null,"403-1-a","光圆钢筋(HPB235、HPB300)","kg",2019,null,null,6.01,12134]
[null,"403-1-b","带肋钢筋(HRB335、HRB400)","kg",5311,null,null,6.01,31919]
[null,"405-1-a","桩径130cm","m",180,null,null,2231.26,401627]
[null,"410-1-b","C25混凝土","m3",14.6,null,null,464.99,6789]
[null,"410-1-c","C30混凝土","m3",87.5,null,null,518.88,45402]
["1-4-3-5-1-2",null,"下部结构","m/m2",null,180,null,{"$f":"I79/F79","v":1108.98888888889},199618]
[null,"403-2-a","光圆钢筋(HPB235、HPB300)","kg",1891,null,null,6.28,11875]
[null,"403-2-b","带肋钢筋(HRB335、HRB400)","kg",16397,null,null,6.22,101989]
[null,"410-2-a","C25混凝土","m3",29.1,null,null,450.11,13098]
[null,"410-2-b","C30混凝土","m3",202.4,null,null,358.97,72656]
["1-4-3-5-1-3",null,"上部结构","m/m2",null,180,null,{"$f":"I84/F84","v":153.083333333333},27555]
[null,"403-3-a","光圆钢筋(HPB235、HPB300)","kg",1627,null,null,6.29,10234]
[null,"410-7-c","C50混凝土","m3",17.3,null,null,1001.23,17321]
["1-4-3-5-1-4",null,"桥台","m3/处",null,2,null,{"$f":"I87/F87","v":302.5},605]
[null,"413-1-a","M7.5浆砌片石","m3",2,null,null,302.4,605]
["1-4-5",null,"特、大桥工程（100≤L,40≤Lk）","m/座",null,1120,null,{"$f":"I89/F89","v":7650.26875},8568301]
["1-4-5-1",null,"×××（特）大桥（××结构类型）","m/m2",null,1120,null,{"$f":"I90/F90","v":7650.26875},8568301]
["1-4-5-1-1",null,"桥台（台高××m）","m/m2",null,1120,null,{"$f":"I91/F91","v":1096.26339285714},1227815]
["1-4-5-1-1-1",null,"桥台基础","m3/处",null,{"$f":"F93+F97","v":1471},null,{"$f":"I92/F92","v":622.523453433039},915732]
["1-4-5-1-1-1-1",null,"桥台桩基础","m3/处",null,1299,null,{"$f":"I93/F93","v":562.561970746728},730768]
[null,"403-1-a","光圆钢筋(HPB235、HPB300)","kg",1112.4,null,null,6.01,6686]
[null,"403-1-b","带肋钢筋(HRB335、HRB400)","kg",29132,null,null,6.01,175083]
[null,"405-1-b","桩径150cm","m",184,null,null,2983.69,548999]
["1-4-5-1-1-1-2",null,"桥台承台","m3/处",null,172,null,{"$f":"I97/F97","v":1075.37209302326},184964]
[null,"403-1-b","带肋钢筋(HRB335、HRB400)","kg",17468.6,null,null,6.01,104986]
[null,"410-1-b","C25混凝土","m3",172,null,null,464.99,79978]
["1-4-5-1-1-2",null,"桥台台身","m3/处",null,104.7,null,{"$f":"I100/F100","v":1480.23877745941},154981]
[null,"403-2-a","光圆钢筋(HPB235、HPB300)","kg",2090.8,null,null,6.28,13130]
[null,"403-2-b","带肋钢筋(HRB335、HRB400)","kg",14065.26,null,null,6.22,87486]
[null,"410-2-c","C35混凝土","m3",104.7,null,null,519.25,54365]
["1-4-5-1-1-3",null,"桥台耳背墙","m3/处",null,46.2,null,{"$f":"I104/F104","v":1015.670995671},46924]
[null,"403-2-b","带肋钢筋(HRB335、HRB400)","kg",4877.84,null,null,6.22,30340]
[null,"410-2-b","C30混凝土","m3",46.2,null,null,358.97,16584]
["1-4-5-1-1-4",null,"桥台台帽","m3/处",null,65.6,null,{"$f":"I107/F107","v":1458.27743902439},95663]
[null,"403-2-b","带肋钢筋(HRB335、HRB400)","kg",11594,null,null,6.22,72115]
[null,"410-2-b","C30混凝土","m3",65.6,null,null,358.97,23548]
["1-4-5-1-1-5",null,"桥台支座垫石、挡块","m3/座",null,2.8,null,{"$f":"I110/F110","v":5183.92857142857},14515]
[null,"403-4-b","带肋钢筋(HRB335、HRB400)","kg",2037.4,null,null,6.4,13039]
[null,"410-6-c","C30混凝土","m3",2.2,null,null,526.78,1159]
[null,"410-6-h","C50小石子混凝土","m3",0.6,null,null,527.65,317]
["1-4-5-1-2",null,"桥墩基础","m/m2",null,{"$f":"F115","v":364},null,{"$f":"I114/F114","v":6124.09615384615},2229171]
["1-4-5-1-2-1",null,"桥墩桩基础","m/根",null,364,null,{"$f":"I115/F115","v":5293.44230769231},1926813]
[null,"403-1-a","光圆钢筋(HPB235、HPB300)","kg",2703.4,null,null,6.01,16247]
[null,"403-1-b","带肋钢筋(HRB335、HRB400)","kg",64867.6,null,null,6.01,389854]
[null,"405-1-c","桩径160m","m",364,null,null,4177.78,1520712]
["1-4-5-1-2-2",null,"桥墩承台","m3/处",null,240.1,null,{"$f":"I119/F119","v":1259.30029154519},302358]
[null,"403-1-b","带肋钢筋(HRB335、HRB400)","kg",29579.9,null,null,6.01,177775]
[null,"410-1-c","C30混凝土","m3",240.1,null,null,518.88,124583]
["1-4-5-1-3",null,"下部构造（墩高××m）","m/m2",null,364,null,{"$f":"I122/F122","v":2768.1978021978},1007624]
["1-4-5-1-3-1",null,"桥墩墩柱","m3",null,281.4,null,{"$f":"I123/F123","v":1731.95451314854},487372]
[null,"403-2-b","带肋钢筋(HRB335、HRB400)","kg",54864.2,null,null,6.22,341255]
[null,"410-2-c","C35混凝土","m3",281.4,null,null,519.25,146117]
["1-4-5-1-3-2",null,"桥墩盖梁","m3",null,336,null,{"$f":"I126/F126","v":1342.08035714286},450939]
[null,"403-2-b","带肋钢筋(HRB335、HRB400)","kg",53106.9,null,null,6.22,330325]
[null,"410-2-b","C30混凝土","m3",336,null,null,358.97,120614]
["1-4-5-1-3-3",null,"桥墩支座垫石、挡块","m3",null,8.04,null,{"$f":"I129/F129","v":5668.53233830846},45575]
[null,"403-4-b","带肋钢筋(HRB335、HRB400)","kg",6459.3,null,null,6.4,41340]
[null,"410-6-c","C30混凝土","m3",8.04,null,null,526.78,4235]
["1-4-5-1-3-4",null,"桥墩防震锚栓","kg",null,3816.4,null,{"$f":"I132/F132","v":6.21999790378367},23738]
[null,"403-2-b","带肋钢筋(HRB335、HRB400)","kg",3816.4,null,null,6.22,23738]
["1-4-5-1-4",null,"上部构造","m/m2",null,364,null,{"$f":"I134/F134","v":10963.1620879121},3990591]
["1-4-5-1-4-1",null,"梁端封锚","kg",null,{"$f":"E136+E137","v":4614.12},null,{"$f":"I135/F135","v":6.29004013766439},29023]
[null,"403-3-a","光圆钢筋(HPB235、HPB300)","kg",47.64,null,null,6.29,300]
[null,"403-3-b","带肋钢筋(HRB335、HRB400)","kg",4566.48,null,null,6.29,28723]
["1-4-5-1-4-2",null,"现浇湿接缝","kg",null,{"$f":"E139+E140","v":32638.08},null,{"$f":"I138/F138","v":10.67372835657},348370]
[null,"403-3-a","光圆钢筋(HPB235、HPB300)","kg",8129.6,null,null,6.29,51135]
[null,"403-3-b","带肋钢筋(HRB335、HRB400)","kg",24508.48,null,null,6.29,154158]
[null,"411-7-a","C50混凝土","m3",127.2,null,null,1124.82,143077]
["1-4-5-1-4-3",null,"端横梁","m3",null,1.2,null,{"$f":"I142/F142","v":7074.16666666667},8489]
[null,"403-3-a","光圆钢筋(HPB235、HPB300)","kg",513.68,null,null,6.29,3231]
[null,"403-3-b","带肋钢筋(HRB335、HRB400)","kg",621.34,null,null,6.29,3908]
[null,"411-7-a","C50混凝土","m3",1.2,null,null,1124.82,1350]
["1-4-5-1-4-4",null,"中横梁","m3",null,62.3,null,{"$f":"I146/F146","v":1781.34831460674},110978]
[null,"403-3-a","光圆钢筋(HPB235、HPB300)","kg",1588.58,null,null,6.29,9992]
[null,"403-3-b","带肋钢筋(HRB335、HRB400)","kg",4914.07,null,null,6.29,30910]
[null,"411-7-a","C50混凝土","m3",62.3,null,null,1124.82,70076]
["1-4-5-1-4-5",null,"跨中横隔板","m3",null,5.04,null,{"$f":"I150/F150","v":14701.7857142857},74097]
[null,"403-3-a","光圆钢筋(HPB235、HPB300)","kg",2164.32,null,null,6.29,13614]
[null,"403-3-b","带肋钢筋(HRB335、HRB400)","kg",8714.4,null,null,6.29,54814]
[null,"411-7-a","C50混凝土","m3",5.04,null,null,1124.82,5669]
["1-4-5-1-4-6",null,"预制堵头板","m3",null,7.92,null,{"$f":"I154/F154","v":1819.31818181818},14409]
[null,"403-3-a","光圆钢筋(HPB235、HPB300)","kg",874.4,null,null,6.29,5500]
[null,"411-7-a","C50混凝土","m3",7.92,null,null,1124.82,8909]
["1-4-5-1-4-7",null,"箱梁预制","m3",null,{"$f":"F158+F162+F166+F170","v":1091.2},null,{"$f":"I157/F157","v":2383.60520527859},2600990]
["1-4-5-1-4-7-1",null,"边跨边梁","m3",null,145.2,null,{"$f":"I158/F158","v":2352.67217630854},341608]
[null,"403-3-a","光圆钢筋(HPB235、HPB300)","kg",5880,null,null,6.29,36985]
[null,"403-3-b","带肋钢筋(HRB335、HRB400)","kg",22464,null,null,6.29,141299]
[null,"411-7-a","C50混凝土","m3",145.2,null,null,1124.82,163324]
["1-4-5-1-4-7-2",null,"边跨中梁","m3",null,136,null,{"$f":"I162/F162","v":2265.35294117647},308088]
[null,"403-3-a","光圆钢筋(HPB235、HPB300)","kg",5520,null,null,6.29,34721]
[null,"403-3-b","带肋钢筋(HRB335、HRB400)","kg",19140,null,null,6.29,120391]
[null,"411-7-a","C50混凝土","m3",136,null,null,1124.82,152976]
["1-4-5-1-4-7-3",null,"中跨边梁","m3",null,422.4,null,{"$f":"I166/F166","v":2441.96732954545},1031487]
[null,"403-3-a","光圆钢筋(HPB235、HPB300)","kg",17832,null,null,6.29,112163]
[null,"403-3-b","带肋钢筋(HRB335、HRB400)","kg",70620,null,null,6.29,444200]
[null,"411-7-a","C50混凝土","m3",422.4,null,null,1124.82,475124]
["1-4-5-1-4-7-4",null,"中跨中梁","m3",null,387.6,null,{"$f":"I170/F170","v":2373.0830753354},919807]
[null,"403-3-a","光圆钢筋(HPB235、HPB300)","kg",16764,null,null,6.29,105446]
[null,"403-3-b","带肋钢筋(HRB335、HRB400)","kg",60156,null,null,6.29,378381]
[null,"411-7-a","C50混凝土","m3",387.6,null,null,1124.82,435980]
["1-4-5-1-4-8",null,"负弯矩区钢束槽口封口","m3",null,35.2,null,{"$f":"I174/F174","v":3216.25},113212]
[null,"403-3-b","带肋钢筋(HRB335、HRB400)","kg",11704,null,null,6.29,73618]
[null,"411-7-a","C50混凝土","m3",35.2,null,null,1124.82,39594]
["1-4-5-1-4-9",null,"预应力钢束","kg",null,45492,null,{"$f":"I177/F177","v":15.1899894486943},691023]
[null,"411-5","后张法预应力钢绞线","kg",45492,null,null,15.19,691023]
["1-4-5-1-5",null,"其他工程","m/m2",null,960,null,{"$f":"I179/F179","v":117.8125},113100]
[null,"403-4-a","光圆钢筋(HPB235、HPB300)","kg",122.74,null,null,6.5,798]
[null,"403-4-b","带肋钢筋(HRB335、HRB400)","kg",6271.7,null,null,6.4,40139]
[null,"410-6-c","C30混凝土","m3",61.6,null,null,526.78,32450]
[null,"413-1-a","M7.5浆砌片石","m3",46.67,null,null,302.4,14113]
[null,"417-5-a","(20cm×20cm×3cm)","块",64,null,null,400,25600]
["1-10",null,"建安工程其他费用","公路公里"]
["1-10-1",null,"其他建安工程","项"]
["1-10-1-1",null,"计日工","项"]
["1-10-1-1-1",null,"劳务","项"]
["1-10-1-1-2",null,"材料","项"]
["1-10-1-1-3",null,"机械","项"]
["1-10-1-2",null,"工程管理专项费用","项"]
["1-10-1-3",null,"索赔","项"]
["1-10-1-4",null,"价差调整","项"]
["1-10-1-5",null,"代扣代付项目增减建设成本","项"]
["1-10-2",null,"尾工工程","项"]
["1-10-3",null,"报废工程","项"]
["2",null,"第二部分 设备及工具、器具购置费","公路公里"]
["2-1",null,"设备购置费","公路公里"]
["2-2",null,"工具、器具购置","公路公里"]
["2-3",null,"办公及生活用家具购置","公路公里"]
["3",null,"第三部分 工程建设其他费用","公路公里"]
["3-1",null,"土地征用及拆迁补偿费","公路公里"]
["3-1-1",null,"土地补偿费","公路公里"]
["3-1-2",null,"征用耕地安置补助费","公路公里"]
["3-1-3",null,"拆迁补偿费","公路公里"]
["3-1-4",null,"复耕费","公路公里"]
["3-1-5",null,"耕地开垦费","公路公里"]
["3-1-6",null,"森林植被恢复费","公路公里"]
["3-1-7",null,"其它","公路公里"]
["3-2",null,"建设项目管理费","公路公里"]
["3-2-1",null,"建设单位（业主）管理费","公路公里"]
["3-2-2",null,"工程监理费","公路公里"]
["3-2-3",null,"设计文件审查费","公路公里"]
["3-2-4",null,"竣（交）工验收试验检测费","公路公里"]
["3-3",null,"研究试验费","公路公里"]
["3-4",null,"建设项目前期工作费","公路公里"]
["3-5",null,"专项评价（估）费","公路公里"]
["3-6",null,"施工机构迁移费","公路公里"]
["3-7",null,"供电贴费","公路公里"]
["3-8",null,"联合试运转费","公路公里"]
["3-9",null,"生产人员培训费","公路公里"]
["3-10",null,"固定资产投资方向调节税","公路公里"]
["3-11",null,"建设期贷款利息","公路公里"]
[null,null,"预备费","元"]
[null,null,"1.价差预备费","元"]
[null,null,"2.基本预备费","元"]
[null,null,"暂列金额(不含计日工总额)","元"]
[null,null,"保险费","元"]
[null,null,"新增加费用项目(不作预备费基数)","元"]
[null,null,"*请在此输入费用项目"]
[null,null,"其中：回收金额","元"]
[null,null,"*请在此输入费用项目"]